000 00900nas a2200289 4500
001 BR0900933
003 BR-BrBNA
005 20231205113143.0
007 ta
008 230509b bl.|||p| |||| 00| 00por d
040 _aBR-BrBNA
_bpor
_cBiblioteca Nacional de Agricultura
041 _a(Pt)
072 _aP33; P10
100 1 _aMedeiros, R.D. de
100 1 _aAraújo, W.F.
100 1 _aCosta, M.C.
245 1 _aEfeito de sistemas de preparo do solo e métodos de irrigação sobre a cultura do caupi em várzeas em Roraima.
650 _aSOLO
650 _aIRRIGAÇÃO
650 _aFEIJÃO
650 _aCAUPI
650 _aVÁRZEA
650 _aRORAIMA
773 0 _tAgriambi - Revista Brasileira de Engenharia Agrícola e Ambiental (Brazil)
_xISSN 1415-4366
_g(Apr-Jun 2005), v. 9(2) p. 205-209
_wBR0900933
909 _a202311
_bLúcia
_c55
_dLúcia Elande
942 _2AGRIS
_n0
_cANA
999 _c202153
_d202153